000 00495nam a2200193Ia 4500
008 170918s9999 xx 000 0 und d
020 _a9780746070222
050 _bP294 2005
100 _aPatchett, Fiona
245 _aPuss in Boots /
245 _cretold by Fiona Patchett ; illustrated by Teri Gower.
260 _aLondon :
260 _bUsborne Publishing Ltd.,
260 _c2005
300 _a47 pages :
300 _bcolored illustration ;
300 _c19cm.
500 _a620
999 _c342593
_d342593